| 000 | 01540cam a2200229 4500 | ||
|---|---|---|---|
| 001 | E131258 | ||
| 002 | 9138 | ||
| 008 | 051012n2005 000 0 eng u | ||
| 020 | _a0728204770 | ||
| 035 | _a(Sirsi) u131258 | ||
| 050 | _aP525.9820285 | ||
| 100 | _aEvans, Gareth | ||
| 245 | _aPhotography for surveyors | ||
| 260 |
_aLondon _bEG Books _c2005 |
||
| 300 | _avii,35p. : ill. ; 30cm. | ||
| 350 | _a20.00 | ||
| 520 | _aThis publication is solely about photographing buildings. It is for the busy surveyor, or other property professional, who wants fuss-free but high-quality pictures for reports, filing, emailing or web posting. Technical detail is kept to the minimum necessary. A glance at any property magazine, such as Estates Gazette, or a textbook such as Structural Surveys of Dwelling Houses, shows the importance of photographic images to the surveying profession. Many of these images have been taken by professionals. However, there is absolutely no reason why the surveyor, with only reasonable equipment, cannot produce excellent images which are capable of great enlargement and which will enhance a report, provide an aide-memoire, or can be attached to a database. This volume attempts to provide the minimum knowledge that a property professional should have in order to produce quality images. The author has concentrated on the practical requirements of the on-site property professional. | ||
| 590 | _aIKA140306 | ||
| 650 | _aPHOTOGRAPHY | ||
| 690 | _aBUILT ENVIRONMENT-BUILDING INSPECTION | ||
| 942 | _n0 | ||
| 999 |
_c104702 _d104702 |
||